[Event "Australian-ch 2020"]
[Site "Kogarah"]
[Date "2020.01.04"]
[Round "3.9"]
[White "Ng, Clive"]
[Black "Kethro, Michael"]
[Result "0-1"]
[WhiteElo "2061"]
[BlackElo "2093"]
[Annotator "NA"]
[PlyCount "128"]
[EventDate "2020.01.02"]
[EventType "swiss"]
[EventCountry "AUS"]
[SourceTitle "playchess.com"]
[Source "ChessBase"]
[SourceQuality "1"]
[TimeControl "40/5400+30:1800+30"]

1. e4 {[%emt 0:00:00]} c5 {[%emt 0:00:00]} 2. Nf3 {[%emt 0:00:01]} e6 {[%emt 0:00:00]} 3. d4 {[%emt 0:00:30]} cxd4 {[%emt 0:00:30]} 4. Nxd4 {[%emt 0:00:30]} Nc6 {[%emt 0:00:30]} 5. Nc3 {[%emt 0:00:30]} Qc7 {[%emt 0:00:30]} 6. Be3 {[%emt 0:00:30]} a6 {[%emt 0:00:30]} 7. Qd2 {[%emt 0:00:30]} Nf6 {[%emt 0:00:30]} 8. O-O-O {[%emt 0:00:30]} Be7 {[%emt 0:00:30] B48: Sicilian: Taimanov: 5 Nc3 Qc7 6 Be3 a6 without Be2} 9. f3 {[%emt 0:00:30]} b5 {[%emt 0:00:30]} 10. g4 {[%emt 0:00:30]} Nxd4 {[%emt 0:00:30]} 11. Bxd4 {[%emt 0:00:30]} Bb7 {[%emt 0:00:30]} 12. g5 {[%emt 0:00:30]} Nh5 {[%emt 0:00:30]} 13. Be5 {[%emt 0:00:30]} Qxe5 {[%emt 0:00:30]} 14. Qxd7+ {[%emt 0:00:30] Double Attack} Kf8 {[%emt 0:00:30]} 15. Qxb7 {[%emt 0:00:30]} Bxg5+ {[%emt 0:00:30]} 16. Kb1 {[%emt 0:00:30] [#]} Qb8 $146 {[%emt 0:00:30]} 17. Rd7 {[%emt 0:00:30]} Qxb7 {[%emt 0:00:30]} 18. Rxb7 {[%emt 0:00:30]} Bf6 {[%emt 0:00:30]} 19. a4 {[%emt 0:00:30]} Bxc3 {[%emt 0:00:30]} 20. bxc3 {[%emt 0:00:30]} bxa4 {[%emt 0:00:30]} 21. Bxa6 {[%emt 0:00:30]} g5 {[%emt 0:00:30]} 22. Bb5 {[%emt 0:00:30]} Nf4 {[%emt 0:00:30]} 23. Rd1 {[%emt 0:00:30]} (23. c4 $11) 23... Kg7 {[%emt 0:00:30]} 24. Rdd7 {[%emt 0:00:30]} Rhf8 {[%emt 0:00:30]} 25. Ra7 {[%emt 0:00:30]} Rab8 {[%emt 0:00:30]} 26. Rdb7 {[%emt 0:00:30]} Ng6 {[%emt 0:00:30]} 27. c4 {[%emt 0:00:30]} (27. Be2 $17 {keeps fighting.}) 27... Ne5 {[%emt 0:00:30]} 28. Bxa4 {[%emt 0:00:30]} Nxc4 {[%emt 0:00:30]} 29. Bb3 {[%emt 0:00:30]} Nd2+ {[%emt 0:00:30]} 30. Kc1 {[%emt 0:00:30]} Rxb7 {[%emt 0:00:30]} 31. Rxb7 {[%emt 0:00:30]} Nxf3 {[%emt 0:00:30]} 32. Bxe6 {[%emt 0:00:30]} Nxh2 {[%emt 0:00:30]} 33. c4 {[%emt 0:00:30]} Nf3 {[%emt 0:00:30]} 34. c5 {[%emt 0:00:30]} Kf6 {[%emt 0:00:30]} ({Black should play} 34... Ne5 35. Kd2 h5) 35. Bf5 {[%emt 0:00:30]} Nd4 {[%emt 0:00:30]} 36. Bd7 {[%emt 0:00:30] [#]} (36. Bxh7 $17 Rh8 37. Bf5) 36... Ne6 $1 {[%emt 0:00:30]} 37. Rb5 {[%emt 0:00:30]} Nd4 $11 {[%emt 0:00:30]} (37... g4 $19 38. Rb1 Rg8) 38. Rb4 {[%emt 0:00:30]} Ke5 {[%emt 0:00:30]} 39. c6 {[%emt 0:00:30]} Ne6 {[%emt 0:00:30]} 40. Rb7 {[%emt 0:00:30]} Kd6 {[%emt 0:00:30]} 41. Rb5 {[%emt 0:30:30]} f6 {[%emt 0:30:30]} 42. Rd5+ {[%emt 0:00:30]} Ke7 {[%emt 0:00:30]} 43. Rf5 {[%emt 0:00:30]} Nd4 {[%emt 0:00:30]} 44. Rd5 {[%emt 0:00:30]} Nxc6 {[%emt 0:00:30]} 45. Bxc6 {[%emt 0:00:30]} Rc8 {[%emt 0:00:30]} 46. Rd7+ {[%emt 0:00:30]} Ke6 {[%emt 0:00:30]} 47. Rxh7 {[%emt 0:00:30]} Rxc6+ {[%emt 0:00:30]} 48. Kd2 {[%emt 0:00:30]} Ke5 {[%emt 0:00:30]} 49. Kd3 {[%emt 0:00:30]} Kf4 {[%emt 0:00:30]} 50. Rd7 {[%emt 0:00:30]} g4 {[%emt 0:00:30]} 51. Rd5 {[%emt 0:00:30]} Kf3 {[%emt 0:00:30]} 52. Rf5+ {[%emt 0:00:30]} Kg2 {[%emt 0:00:30]} 53. Ke3 {[%emt 0:00:30]} g3 {[%emt 0:00:30]} 54. Kf4 {[%emt 0:00:30]} Ra6 {[%emt 0:00:30]} 55. Kg4 {[%emt 0:00:30]} Ra4 {[%emt 0:00:30]} 56. Rf4 {[%emt 0:00:30]} Kh2 {[%emt 0:00:30]} 57. Rxf6 {[%emt 0:00:30]} Rxe4+ {[%emt 0:00:30]} 58. Kf3 {[%emt 0:00:30]} Rh4 {[%emt 0:00:30]} 59. Rg6 {[%emt 0:00:30]} Rh8 {[%emt 0:00:30]} 60. Rg7 {[%emt 0:00:30]} Rf8+ {[%emt 0:00:30]} 61. Ke2 {[%emt 0:00:30]} g2 {[%emt 0:00:30]} 62. Rh7+ {[%emt 0:00:30]} Kg1 {[%emt 0:00:30]} 63. Rh6 {[%emt 0:00:30]} Re8+ {[%emt 0:00:30]} 64. Kd2 {[%emt 0:00:30]} Re5 {[%emt 0:00:30]} 0-1

[Event "Australian-ch 2020"]
[Site "Kogarah"]
[Date "2020.01.04"]
[Round "3.10"]
[White "Kargosha, Bahman"]
[Black "Lo, Willis"]
[Result "1-0"]
[WhiteElo "2101"]
[BlackElo "2108"]
[Annotator "TA"]
[PlyCount "79"]
[EventDate "2020.01.02"]
[EventType "swiss"]
[EventCountry "AUS"]
[SourceTitle "playchess.com"]
[Source "ChessBase"]
[SourceQuality "1"]

{[%evp 22,79,25,18,4,-26,-24,-33,-34,-22,-32,-36,-35,-28,-35,-22,55,75,83,90,93,42,74,64,78,45,40,16,22,0,35,0,187,203,294,252,252,258,223,256,367,366,351,364,358,351,335,270,453,292,345,185,954,923,29978,504,29979,6483,3160,2441]} 1. d4 Nf6 2. c4 e6 3. Nc3 Bb4 4. e3 O-O 5. Bd3 d5 6. Nf3 c5 7. O-O cxd4 8. exd4 dxc4 9. Bxc4 b6 10. Bg5 Bb7 11. Qe2 Nbd7 12. Rac1 Qb8 {E54: Nimzo-Indian: Rubinstein: Main Line: 7...dxc4 8 Bxc4} (12... h6 13. Bh4 Be7 14. Rfe1 Re8 15. Rcd1 a6 16. a4 Qc8 17. Bb3 Bc6 18. Ne5 Nxe5 19. dxe5 Nd7 20. Bxe7 Rxe7 {½-½ (48) Ivanchuk,V (2733)-Lupulescu,C (2609) Novi Sad 2016}) 13. Ne5 Nxe5 $1 14. dxe5 Bxc3 $1 {Black is slightly better.} 15. bxc3 Ne4 16. Bf4 $1 Rc8 17. f3 Qc7 18. Rfd1 $146 ({Predecessor:} 18. Bd3 Nxc3 19. Qc2 Qc5+ 20. Kh1 {0-1 (40) Novkovic,M (2406)-Luther,T (2544) Austria 2001}) 18... Qxc4 {[#]} ({And not} 18... Qc5+ 19. Be3 $16) ({Better is} 18... b5 $11) 19. Rd8+ $1 $14 {[%mdl 512]} Rxd8 20. Qxc4 Nc5 21. Bg5 ({White should try} 21. Be3 $16) 21... Rd5 22. Qg4 {And now Bf6 would win.} Kh8 $1 23. c4 Rd7 $1 24. Qg3 Rc8 25. h4 Nd3 26. Rc3 Nb2 $2 (26... h6 $11 27. Be3 Ba6) 27. Qf4 $1 $18 h5 (27... Na4 {was necessary.} 28. Ra3 Nc5) 28. Bf6 {Qh6+! would kill now.} Kh7 {[#]} 29. Qg5 $1 {[%csl Gf6][%cal Rg5g7]} g6 {[#]} 30. Be7 $1 $40 {[%mdl 128] White attacks with force.} Re8 (30... Nd3 $142 31. Bd6 Nc5) 31. Ba3 Nd3 32. Qe3 Red8 33. Bd6 Nc5 34. Qf4 Na6 $2 (34... Bc6 35. Ra3 Na4) 35. Kh2 Nc7 36. Ba3 (36. Ra3 $142) 36... Rc8 $2 (36... Ne8 37. c5 bxc5 38. Bxc5 (38. Rxc5 Bd5 $18) 38... Ng7 39. Bxa7 Ra8) 37. Bc1 Ne8 38. Qh6+ Kg8 39. Bg5 {Threatening mate with Bf6.} f6 40. exf6 {Accuracy: White = 61%, Black = 39%.} 1-0

[Event "Australian-ch 2020"]
[Site "Kogarah"]
[Date "2020.01.05"]
[Round "4.1"]
[White "Ikeda, Junta"]
[Black "Kuybokarov, Temur"]
[Result "0-1"]
[WhiteElo "2438"]
[BlackElo "2523"]
[Annotator "TA"]
[PlyCount "72"]
[EventDate "2020.01.02"]
[EventType "swiss"]
[EventCountry "AUS"]
[SourceTitle "playchess.com"]
[Source "ChessBase"]
[SourceQuality "1"]

{[%evp 9,84,-25,-14,-21,-19,-20,-25,-24,-18,-10,-16,-20,-18,-25,-6,-4,-13,-13,-19,-16,27,14,39,29,18,30,54,47,38,0,0,0,0,0,0,-57,-68,-85,-83,-140,-135,-135,-135,-134,-138,-136,-127,-153,-100,-141,-146,-133,-111,-104,-104,-110,-108,-148,-172,-323,-261,-368,-362,-424,-230,-605,-603,-577,-556,-771,-756,-770,-765,-728,-724,-724,-722]} 1. Nf3 d5 2. e3 c5 3. c4 d4 4. exd4 cxd4 5. g3 ({Predecessor:} 5. d3 e5 6. g3 Nf6 7. Bg2 Nc6 8. O-O Be7 9. Re1 {0-1 (49) Chromczak,T (1881)-Prozorovskij,V (2140) ICCF email 2014}) 5... Nc6 6. Bg2 {A09: Réti Opening: 1 Nf3 d5 2 c4} Nf6 7. O-O e5 8. Re1 {Black has an edge.} Nd7 9. d3 Be7 10. Na3 O-O 11. Nc2 Re8 $146 (11... a5 12. b3 f6 13. Nd2 Nc5 14. Ne4 Bf5 15. Nxc5 Bxc5 {½-½ (31) Radjabov,T (2741)-Harikrishna,P (2738) Palma de Mallorca 2017}) 12. Rb1 a5 {[%cal Ba7a5,Ba5a4][%mdl 32]} 13. a3 a4 14. Bd2 Bf6 15. Bb4 Ndb8 16. Nd2 Na6 17. Ne4 Be7 18. Bxe7 Rxe7 19. Qd2 Bf5 20. f4 h6 21. fxe5 Nxe5 {[%cal Bc6e5,Be5c4,Bc4e3][%mdl 32]} 22. Qf4 ({White should play} 22. b4 $11) 22... Bg6 $15 23. Red1 Qb6 24. Kh1 ({Better is} 24. Nf2) 24... Rae8 {Strongly threatening ...Nxd3!} 25. Nf2 {[#]} Nxc4 $1 {[%mdl 576] Pin} 26. Qxd4 (26. dxc4 Bxc2) 26... Qxd4 27. Nxd4 Nc5 28. Bf1 Rd7 ({Black should try} 28... Ne3 $1 {[%cal Re3d1]} 29. Rdc1 b6) 29. Nf3 Ne3 $1 {[%cal Re3d1]} 30. Re1 Nxd3 31. Nxd3 Bxd3 {[#]} 32. Rbd1 $1 {[%mdl 512]} Bf5 $1 $36 {[%mdl 2048] Keeping White busy.} ({Inferior is} 32... Bxf1 33. Rxd7 Bb5 34. Rd4 $16) (32... Nxd1 33. Rxe8+) 33. Rc1 {Threatens to win with Bb5.} Bg4 34. Nh4 $2 (34. Bg2) 34... Re6 35. Bb5 (35. h3 {was worth a try.} Nxf1 36. hxg4 Nxg3+ 37. Kh2) 35... Rd2 $19 36. Rc3 {[#]} Nd1 {Played: Ne3-d5} 0-1

[Event "Australian-ch 2020"]
[Site "Kogarah"]
[Date "2020.01.05"]
[Round "4.2"]
[White "Puccini, Jack"]
[Black "Clarke, Brandon G I"]
[Result "0-1"]
[WhiteElo "2265"]
[BlackElo "2438"]
[Annotator "TA"]
[PlyCount "64"]
[EventDate "2020.01.02"]
[EventType "swiss"]
[EventCountry "AUS"]
[SourceTitle "playchess.com"]
[Source "ChessBase"]
[SourceQuality "1"]

{[%evp 13,64,37,66,31,27,14,18,13,22,17,22,2,27,-31,17,23,34,0,12,-46,-47,-58,-43,-43,-56,-157,-158,-156,-142,-168,-174,-164,-167,-202,-211,-197,-197,-445,-439,-433,-195,-736,-716,-675,-728,-856,-785,-896,-854,-698,-668,-1204,-848]} 1. e4 c5 2. Nf3 Nc6 3. d4 cxd4 4. Nxd4 Qb6 5. Nb3 Nf6 6. Nc3 e6 7. a3 a6 8. Be2 {B33: Sicilian: Pelikan and Sveshnikov Variations} (8. Bf4 Ne7 9. Be3 Qc7 10. f4 d5 11. e5 Ne4 12. Nxe4 dxe4 13. Bc5 Nd5 14. Bxf8 Rxf8 15. Qe2 Nxf4 16. Qxe4 {½-½ (50) Alsina Leal,D (2483)-Bauer,C (2626) Porto Carras 2018}) 8... Qc7 9. O-O b5 10. f4 {The position is equal.} d6 11. Be3 Be7 12. Bf3 Bb7 13. g4 (13. Qe2 $11) 13... O-O 14. g5 Nd7 15. Bg2 $146 ({Predecessor:} 15. Kh1 Rfe8 16. Bg2 g6 17. Qg4 b4 18. axb4 Nxb4 {0-1 (39) Agustsson,H (1853)-Karlsson,M (2150) Reykjavik 2018}) 15... Nb6 16. Nd2 (16. f5 $11) 16... Na5 $15 17. Qh5 Nac4 18. Nxc4 Nxc4 19. Rae1 (19. Bc1 $15) 19... Nxb2 $17 {[%mdl 64] [#] Discovered Attack} 20. Bd4 e5 21. Nd5 Bxd5 $1 22. Bxb2 Bb7 $36 {[%mdl 2048] White is under strong pressure.} 23. Rf3 {Black must now prevent f5.} g6 24. Qh6 {[#] Rh3 would kill now.} f5 $1 25. Rh3 $2 (25. gxf6 Rxf6 26. f5) 25... Rf7 $19 26. exf5 Qc5+ (26... Bxg2 $142 27. fxg6 Rg7 28. gxh7+ Kh8) 27. Ree3 $2 (27. Rhe3 Bf8 28. Qh3 Bxg2 29. Qxg2 exf4 {[%mdl 64] Pin} 30. fxg6 hxg6 31. Qxa8) 27... Bxg2 {Black is clearly winning.} 28. fxg6 Rg7 29. gxh7+ Kh8 30. Rhg3 Qxc2 31. Bc3 Rf8 32. g6 Be4 {Accuracy: White = 22%, Black = 73%.} 0-1

[Event "Australian-ch 2020"]
[Site "Kogarah"]
[Date "2020.01.05"]
[Round "4.3"]
[White "McClymont, Brodie"]
[Black "Zhang, Jilin"]
[Result "1-0"]
[WhiteElo "2421"]
[BlackElo "2237"]
[Annotator "TA"]
[PlyCount "77"]
[EventDate "2020.01.02"]
[EventType "swiss"]
[EventCountry "AUS"]
[SourceTitle "playchess.com"]
[Source "ChessBase"]
[SourceQuality "1"]

{[%evp 27,77,35,39,34,41,38,41,41,50,40,56,48,48,48,47,47,66,42,49,41,58,38,63,66,64,64,57,68,116,116,188,176,417,419,404,406,455,502,502,466,436,506,451,431,424,416,397,303,446,442,801,796]} 1. e4 c5 2. Nf3 e6 3. d4 cxd4 4. Nxd4 a6 5. c4 Nf6 6. Nc3 d6 7. Be2 Qc7 8. Be3 b6 9. Rc1 Bb7 10. f3 Be7 11. Qd2 Nbd7 12. O-O O-O 13. Rfd1 Rac8 14. a3 Rfe8 15. b4 {A31: Symmetrical English: 2 Nf3 Nf6 3 d4} Qb8 16. Kh1 h6 (16... Bd8 17. Nb3 Bc7 18. Bf4 d5 19. Bxc7 Rxc7 20. cxd5 exd5 21. exd5 Nxd5 22. Nxd5 Bxd5 23. Nd4 b5 24. Bf1 Rxc1 25. Rxc1 {½-½ (40) Yu,Y (2738)-Karthikeyan,M (2578) Moscow 2017}) 17. Nb3 {White is slightly better.} Bd8 18. Bf1 Bc7 19. Bf4 {[%cal Rf4d6]} Ne5 20. Bxe5 dxe5 21. c5 b5 $146 ({Predecessor:} 21... Red8 22. Qe3 Rxd1 23. Rxd1 bxc5 24. Nxc5 {½-½ (55) Lizak,P (2454)-Kiss,A (2371) Hungary 2016}) 22. Qe1 Nh5 23. Rc2 f5 24. Qh4 Nf6 25. Bd3 $36 {[%mdl 2048] Black is under pressure.} Rcd8 26. Rcd2 Qa8 27. Kg1 Kh8 28. exf5 exf5 (28... Qc8 $16 {was called for.}) 29. Bxf5 $18 Bxf3 $2 {[#]} (29... e4) 30. gxf3 Qxf3 31. Qh3 Qf4 32. Rf1 Qc4 33. Bd3 Qf7 34. Ne4 {[#] Black must now prevent Nxf6.} Qg6+ 35. Qg3 Qxg3+ 36. Nxg3 ({Not} 36. hxg3 Rxd3 37. Nxf6 Red8 $18) 36... e4 37. Be2 Nd5 (37... Be5 $142 38. Rxd8 Rxd8) 38. Bh5 e3 (38... Re5 $142 39. Rf7 e3) 39. Rxd5 {Accuracy: White = 69%, Black = 34%.} 1-0

[Event "Australian-ch 2020"]
[Site "Kogarah"]
[Date "2020.01.05"]
[Round "4.4"]
[White "Nakauchi, Gene"]
[Black "Bjelobrk, Igor"]
[Result "1/2-1/2"]
[WhiteElo "2150"]
[BlackElo "2403"]
[Annotator "TA"]
[PlyCount "105"]
[EventDate "2020.01.02"]
[EventType "swiss"]
[EventCountry "AUS"]
[SourceTitle "playchess.com"]
[Source "ChessBase"]
[SourceQuality "1"]

{[%evp 10,105,29,-7,-7,-14,0,-18,-18,-14,-14,-20,-12,-15,0,0,0,0,0,-44,-37,-33,-44,-50,-48,-120,-122,-127,-120,-279,-278,-278,-270,-266,-270,-270,-88,-87,-95,-91,-33,-65,0,0,0,0,0,0,0,0,0,0,0,-7,0,0,0,0,0,0,0,4,0,0,0,0,0,0,0,0,0,0,0,0,4,-8,-8,-28,-28,-85,-8,-8,-8,-8,-8,-8,-8,-8,-8,-8,-8,-159,-159,-159,-159,-159,-157,-167]} 1. e4 e5 2. Nf3 Nc6 3. Bb5 a6 4. Bxc6 dxc6 5. O-O Bd6 6. d3 Ne7 {C68: Ruy Lopez: Exchange Variation, sidelines} 7. Be3 (7. Nbd2 O-O 8. Nc4 Ng6 9. a4 b6 10. h3 f6 11. Nh2 Be6 12. Ne3 Qd7 13. Qf3 Bc5 14. Nhg4 {0-1 (68) Petrosian,T (2611)-Carlsen,M (2851) chess.com INT 2016}) 7... c5 8. Nbd2 Nc6 {The position is equal.} 9. c3 O-O 10. Re1 Kh8 $146 ({Predecessor:} 10... Be6 11. Nf1 f6 12. Ng3 Qd7 13. Qe2 Rad8 14. Red1 {1-0 (68) Lentjes,N (2124)-Aubert,C (1997) Groningen 2013}) 11. Nf1 f5 12. Bg5 Qe8 {[#] Threatens to win with ...f4.} 13. exf5 $1 Bxf5 14. Nh4 Be6 15. Qd2 Bg8 16. Ng3 h6 17. Bxh6 (17. Be3 $1 $15) 17... gxh6 $17 18. Qxh6+ Bh7 19. f4 $2 (19. Ne4 $17) 19... Rxf4 $19 20. Nh5 {[%csl Gh5][%cal Rh6g7]} Bf8 21. Qg5 Rf7 22. Nf6 Rxf6 $2 (22... Be7 $19 23. Rf1 {[#]} Qg8 $1 {[%mdl 512]} 24. Qxg8+ Rxg8 25. Nxg8 Kxg8 26. Rxf7 Kxf7) 23. Qxf6+ $17 Bg7 24. Qg5 Rd8 ({Much worse is} 24... Bxd3 $6 25. Re3 $11) (24... Qe6 $17 25. Rf1 Bh6) 25. Rad1 Rxd3 (25... Rd5 $15 26. Nf5 Qg6 27. Qxg6 Bxg6) 26. Rxd3 Bxd3 27. Nf5 Bxf5 28. Qxf5 Ne7 29. Qe6 {Re3 is the strong threat.} Qd8 30. Rf1 Ng8 31. Qh3+ Nh6 32. Qf3 c6 33. Rd1 Qh4 34. Qd3 Ng4 35. Qd8+ Qxd8 36. Rxd8+ Kh7 37. Rd7 b5 $1 38. Rc7 e4 39. Rxc6 Ne5 40. Rxc5 Nd3 41. Rc6 Nxb2 42. h4 Nd1 43. Rxa6 Nxc3 44. a3 (44. Kf1 $11) 44... e3 (44... Bh6 $17 {aiming for ...Bd2.} 45. Ra7+ Kg6 46. Ra6+ Kg7 47. Ra7+ Kf8 48. Ra8+ Ke7 49. Ra7+ Kf6 50. Ra6+ Kg7 51. Ra7+ Kf8 52. Ra8+ Ke7 53. Ra7+ Kf6 54. Ra6+ Kg7) 45. Kf1 $1 $11 e2+ 46. Ke1 Be5 {( -> ...Bg3+)} 47. Re6 $1 {[%cal Re6e5]} Bf4 {Hoping for ...Kg7.} 48. h5 $1 $132 {[%mdl 2048] White is not keeping still} Bc1 49. Rc6 Bxa3 50. Rxc3 $2 ({Better is} 50. g4 $11) 50... Bb4 $17 {Black is clearly better.} 51. Kxe2 Bxc3 52. Kd3 Bg7 53. Kc2 {Accuracy: White = 42%, Black = 69%.} 1/2-1/2

[Event "Australian-ch 2020"]
[Site "Kogarah"]
[Date "2020.01.05"]
[Round "4.5"]
[White "Wallis, Christopher"]
[Black "O`Chee, Kevin"]
[Result "1/2-1/2"]
[WhiteElo "2322"]
[BlackElo "2156"]
[Annotator "RC"]
[PlyCount "105"]
[EventDate "2020.01.02"]
[EventType "swiss"]
[EventCountry "AUS"]
[SourceTitle "playchess.com"]
[Source "ChessBase"]
[SourceQuality "1"]
[TimeControl "40/5400+30:1800+30"]

1. d4 {[%emt 0:00:00]} Nf6 {[%emt 0:00:12]} 2. c4 {[%emt 0:00:00]} g6 {[%emt 0:00:10]} 3. g3 {[%emt 0:00:00]} c6 {[%emt 0:04:52]} 4. Bg2 {[%emt 0:00:07]} d5 {[%emt 0:00:12]} 5. Qa4 {[%emt 0:00:46]} dxc4 {[%emt 0:01:25]} 6. Qxc4 {[%emt 0:00:29]} Bg7 {[%emt 0:00:16]} 7. Nf3 {[%emt 0:00:48]} O-O {[%emt 0:00:58]} 8. O-O {[%emt 0:00:13]} Nfd7 {[%emt 0:02:50]} 9. Qc2 {[%emt 0:06:26]} e5 {[%emt 0:02:17]} 10. Rd1 {[%emt 0:05:24]} Qe7 {[%emt 0:03:07]} 11. Nc3 {[%emt 0:01:36]} Na6 {[%emt 0:03:02]} 12. Bg5 {[%emt 0:07:59]} Qe8 {[%emt 0:03:31]} 13. Rac1 {[%emt 0:08:34]} Nc7 {[%emt 0:03:51]} 14. Nxe5 {[%emt 0:08:10]} Nxe5 {[%emt 0:01:49]} 15. dxe5 Bxe5 {[%emt 0:07:49]} 16. Rd8 {[%emt 0:03:27]} Qe6 {[%emt 0:02:54]} 17. Rcd1 {[%emt 0:05:20]} Bg7 {[%emt 0:08:00]} 18. Qc1 {[%emt 0:21:13]} f6 {[%emt 0:05:57]} 19. Bf4 {[%emt 0:04:43]} Qe7 {[%emt 0:05:04]} 20. Rxf8+ {[%emt 0:03:09]} Bxf8 {[%emt 0:01:15]} 21. Bd6 {[%emt 0:00:39]} Qf7 {[%emt 0:01:05]} 22. Bxf8 {[%emt 0:01:03]} Qxf8 {[%emt 0:00:43]} 23. Qf4 {[%emt 0:00:12]} Qe7 {[%emt 0:06:22]} 24. Ne4 {[%emt 0:03:26]} Bf5 {[%emt 0:05:02]} 25. Qd6 {[%emt 0:10:23]} Qxd6 {[%emt 0:02:53]} 26. Rxd6 {[%emt 0:00:53]} Bxe4 {[%emt 0:00:36]} 27. Bxe4 {[%emt 0:00:07]} Re8 {[%emt 0:01:25]} 28. Bd3 {[%emt 0:02:04]} Kf7 {[%emt 0:01:18]} 29. h4 {[%emt 0:02:30]} Ke7 {[%emt 0:01:47]} 30. Rd4 {[%emt 0:00:09]} Ne6 {[%emt 0:00:38]} 31. Ra4 {[%emt 0:00:32]} a6 {[%emt 0:00:32]} 32. Re4 {[%emt 0:01:02]} f5 {[%emt 0:00:34]} 33. Re5 {[%emt 0:00:25]} Kd6 {[%emt 0:01:13]} 34. f4 {[%emt 0:00:12]} Re7 {[%emt 0:00:44]} 35. b4 {[%emt 0:01:40]} Nc7 {[%emt 0:01:32]} 36. Rxe7 {[%emt 0:00:28]} Kxe7 {[%emt 0:00:09]} 37. Bc4 {[%emt 0:00:55]} Nd5 {[%emt 0:00:28]} 38. Bxd5 {[%emt 0:02:12]} cxd5 {[%emt 0:00:09]} 39. Kf2 {[%emt 0:00:15]} d4 {[%emt 0:04:39]} 40. e3 {[%emt 0:00:22]} Kd6 {[%emt 0:00:21]} 41. exd4 {[%emt 0:31:37]} Kd5 {[%emt 0:30:13]} 42. Ke3 {[%emt 0:00:16]} Kc4 {[%emt 0:00:34]} 43. a3 {[%emt 0:00:00]} b5 {[%emt 0:00:00]} 44. g4 {[%emt 0:00:00]} fxg4 {[%emt 0:00:00]} 45. h5 {[%emt 0:00:00]} g3 {[%emt 0:00:00]} 46. hxg6 {[%emt 0:02:30]} hxg6 {[%emt 0:00:00]} 47. Kf3 {[%emt 0:00:25]} Kxd4 {[%emt 0:00:00]} 48. Kxg3 {[%emt 0:00:07]} Ke3 {[%emt 0:00:00]} 49. Kg4 {[%emt 0:00:12]} Kf2 {[%emt 0:00:00]} 50. Kh4 {[%emt 0:00:45]} Ke3 {[%emt 0:00:00]} 51. Kg3 {[%emt 0:00:19]} Ke4 {[%emt 0:00:00]} 52. Kg4 {[%emt 0:00:03]} Ke3 {[%emt 0:00:00]} 53. Kg3 {[%emt 0:00:16]} 1/2-1/2

[Event "Australian-ch 2020"]
[Site "Kogarah"]
[Date "2020.01.05"]
[Round "4.6"]
[White "Hu, Jason"]
[Black "Kargosha, Bahman"]
[Result "1-0"]
[WhiteElo "2159"]
[BlackElo "2101"]
[Annotator "TA"]
[PlyCount "42"]
[EventDate "2020.01.02"]
[EventType "swiss"]
[EventCountry "AUS"]
[SourceTitle "playchess.com"]
[Source "ChessBase"]
[SourceQuality "1"]

{[%evp 10,42,35,22,50,10,7,4,16,4,0,0,0,0,0,0,8,7,7,10,6,6,14,10,11,11,12,12,13,13,13,13,13,15,274]} 1. d4 Nf6 2. Nf3 e6 3. g3 d5 4. Bg2 Bd6 5. O-O O-O 6. c4 Nc6 {D02: 1 d4 d5 2 Nf3 sidelines, including 2...Nf6 3 g3 and 2...Nf6 3 Bf4} 7. Nc3 (7. Nbd2 b6 8. b3 Bb7 9. Bb2 Ne4 10. Rc1 f5 11. Ne1 a5 12. a4 Nb4 13. Ndf3 f4 14. Nd3 fxg3 15. hxg3 {0-1 (54) Miton,K (2588)-Yakubboev,N (2556) St Petersburg 2018}) 7... dxc4 {The position is equal.} 8. Qa4 e5 9. dxe5 Nxe5 10. Nxe5 Bxe5 11. Rd1 Qe7 12. Qxc4 c6 13. Be3 $146 {Black should prevent Bc5.} ({Predecessor:} 13. Bf4 Be6 14. Qa4 Bxf4 15. Qxf4 {½-½ (43) Kabai,Z (1894)-Tate,A (2170) Budapest 2009}) 13... Be6 14. Qc5 Qxc5 15. Bxc5 Rfe8 16. Bd4 $36 {[%mdl 2048] White has some pressure.} Bxd4 17. Rxd4 Rad8 18. Rad1 Rxd4 19. Rxd4 Kf8 20. e4 Nd7 21. f4 {Black must now prevent f5.} f6 $2 {[%mdl 8192]} (21... g6 $11) 1-0